| 000 | 00467cam a22001097a 4500 | ||
|---|---|---|---|
| 008 | 180718b1947 xxu||||| |||| 00| 0 eng d | ||
| 082 | _aXA7x42 Un3/4 | ||
| 100 | _aCentral Housing Advisory Committee | ||
| 245 |
_aReconditioning in rural areas: fourth report of the rural housing sub- committee of the central housing advisory committee _cby Central Housing Advisory Committee, United Kingdom |
||
| 260 |
_aLondon _bHis Majesty's Stationery Office _c1947 |
||
| 300 | _a47+p. | ||
| 999 |
_c425591 _d425591 |
||